00664 2200229 4500001002100000005001500021035002000036007000300056008004100059082001000100084001600110100002100126245003800147250002000185260003900205300005000244650001000294700003600304700003100340700002100371856004200392INLIS00000000113889620220121092618 a0010-0122004048ta220121 g 1 ind  aF.813 aF.813 KOS a0 aKosuke Fujishima1 aAh! My GODDES /cKosuke Fujishima aCetakan Pertama aJakarta :bGramedia Majalah,c2002 a143 Halaman :bIlustrasi ;c12,5 x 18 cme... 4aKomik0 aAlih Bahasa; Febrian Anantasyah0 aPenyunting; Anni Pramudito0 aArtistik; Pugoeh aDinas Perpustakaan Umum Kota Makassar